| 000 | 00855nam a22002417a 4500 | ||
|---|---|---|---|
| 001 | BRCA_9355 | ||
| 003 | FranzMayer | ||
| 005 | 20230918110047.0 | ||
| 008 | 230918b |||||||| |||| 00| 0 eng d | ||
| 020 | _a968390100X | ||
| 040 |
_aMFM _bESPAÑOL _cMFM |
||
| 050 | 0 |
_aTP919 _bC67 1985 |
|
| 100 | 1 |
_4Responsable _aCorona, Pascuala _929826 |
|
| 240 |
_aTres colores prehispánicos _lEspañol |
||
| 245 | 0 | _aTres colores prehispánicos | |
| 260 |
_aMéxico _bEditorial Patria _c1985 |
||
| 300 |
_a31 p _bIlustraciones a color _c15 cm |
||
| 505 | _aTexto en: españolDirigido a: artistas, artesanos y estudiantes de arte | ||
| 650 | 1 |
_2Química _aQuímica natural _vColorantes _929827 |
|
| 651 | 2 |
_2Colorantes _aColorantes naturales _vColorantes prehispánicos _929828 |
|
| 700 | 1 |
_4Textos _aCampos Castelló, Beatriz de Maria _929829 |
|
| 942 |
_2lcc _cB |
||
| 999 |
_c11067 _d11067 |
||